Les prénoms qui ont un sens initiale G - Statistiques

Statistiques générales
  • Ce quiz a été pris 72 fois
  • Le résultat moyen est 9 sur 20
Statistiques - réponses
Sens Sexe Prénom Célébrité ou Personnage % Correct
Soutien des dieux M Gustave Eiffel
89%
Grande femme F Geneviève de Fontenay
79%
Résolu M Guillaume de Tonquédec
78%
Hôte M Gaston Lagaffe
76%
Lance dure M Gérard Klein
75%
De bois F Guy Béart
65%
Paysan M Georges Marchais
62%
Charmante F Grace Kelly
62%
Allemand M Germain Pilon
60%
Bouclier M Gilles Bouleau
59%
Otage F Gisèle Casadesus
41%
Etre éveillé M Grégoire Puel
37%
Otage M Ghislain Lambert
33%
Gardien du trésor M Gaspard Monge
32%
Plante de teinturier F/M Garance Clavel
30%
Cercle blanc F Gwendoline Hamon
10%
Maitre de la lance M Géraud Duroc
2%
Guerrier M Garnier -
0%
Lance brillante M Gerbert d'Aurillac
0%
Forte lance F Gersende de Bigorre
0%
Aucun quiz correspondant
Distribution des résultats
% des personnes avec chaque résultat
Percentile par nombre de réponses
Votre historique - résultats
Vous n’avez pas pris ce quiz